Angličtina verzus slovenčina v marketingovom prostredí

Umelé vytváranie atraktivity u podnikov služieb, výrobkov a jednotlivcov širokým používaním anglických výrazov. Pozliepané názvy zariadení do viacslovnej anglicky sa tváriacej nálepky je prirodzeným dôsledkom až nekritického obdivu k západnému spôsobu života. Anglicizmy sú produktom psychologicky p...

Descripción completa

Guardado en:
Detalles Bibliográficos
Autor principal: Sztuková, Mária
Formato: Capítulo de libro
Lenguaje:eslovaco
Materias:
Etiquetas: Agregar Etiqueta
Sin Etiquetas, Sea el primero en etiquetar este registro!

MARC

LEADER 00000nla a2200000 4500
001 0200529
005 20240502073406.2
041 0 |a slo 
044 |a SK 
245 1 0 |a Angličtina verzus slovenčina v marketingovom prostredí  |c Mária Sztuková 
520 |a Umelé vytváranie atraktivity u podnikov služieb, výrobkov a jednotlivcov širokým používaním anglických výrazov. Pozliepané názvy zariadení do viacslovnej anglicky sa tváriacej nálepky je prirodzeným dôsledkom až nekritického obdivu k západnému spôsobu života. Anglicizmy sú produktom psychologicky premyslenej marketingovej politiky zameranej na spracovanie jednotlivcov na konzumentov nakupujúcich v obchodoch s anglickými názvami. 
610 2 0 |a jazyky cudzie 
610 2 0 |a angličtina 
610 2 0 |a slovenčina 
610 2 0 |a služby 
610 2 0 |a marketing 
610 2 0 |a zákazníci 
610 2 0 |a obchod 
100 1 |a Sztuková, Mária